Kesan unsur-unsur surih toksik kepada tumbuhan
| Main Author: | |
|---|---|
| Format: | Book |
| Published: |
Bangi, Selangor :
Penerbit UKM ,
1997
|
| Subjects: |
MARC
| LEADER | 00000cam a2200000 7i4500 | ||
|---|---|---|---|
| 001 | 0000000286 | ||
| 005 | 20011210.0 | ||
| 020 | 0 | 0 | |a 9679423964 |
| 090 | 0 | 0 | |a 572.5152 |b SHA 1997 |
| 100 | 0 | 0 | |a SHARIFAH Barlian Aidid |
| 245 | 1 | 0 | |a Kesan unsur-unsur surih toksik kepada tumbuhan |c Sharifah Barlian Aidid |
| 260 | 0 | 0 | |a Bangi, Selangor : |b Penerbit UKM , |c 1997 |
| 300 | |a 32 p. ; |c 23 cm. | ||
| 650 | 0 | 0 | |a Plants, effect of trace elements on |
| 650 | 0 | 0 | |a Trace elements |x Environmental aspects |
| 998 | |a JPSM | ||
| 999 | |a 0000001387 |b Monograph |c Open Shelf |e Default branch | ||